000 02027nam a22002057a 4500
005 20220330103647.0
008 220328b ||||| |||| 00| 0 eng d
020 _a9788126572038
040 _cAL
041 _aeng
082 _223
_a542.85
_bYOUC
100 _aDavid Young C
_926363
245 _aComputational Chemistry
_bPractical Guide for Applying Techniques to Real -World Problems
260 _aNew Delhi
_bWiley
_c2018
300 _axxiv,381p.
_bHB
_c23x15cm.
365 _2General
_a6556
_b₹3272.10
_c
_d₹4195.00
_e22%
_f19/03/2022
520 _aA practical, easily accessible guide for bench-top chemists, this book focuses on accurately applying computational chemistry techniques to everyday chemistry problems. Provides nonmathematical explanations of advanced topics in computational chemistry. * Focuses on when and how to apply different computational techniques. * Addresses computational chemistry connections to biochemical systems and polymers. * Provides a prioritized list of methods for attacking difficult computational chemistry problem sand compares advantages and disadvantages of various approximation techniques. * Describes how the choice of methods of software affects requirements for computer memory and processing time. A practical, easily accessible guide for bench-top chemists, this book focuses on accurately applying computational chemistry techniques to everyday chemistry problems. Provides nonmathematical explanations of advanced topics in computational chemistry. * Focuses on when and how to apply different computational techniques. * Addresses computational chemistry connections to biochemical systems and polymers. * Provides a prioritized list of methods for attacking difficult computational chemistry problem sand compares advantages and disadvantages of various approximation techniques. * Describes how the choice of methods of software affects requirements for computer memory and processing time.
650 _2 Techniques
_aChemistry
_926364
942 _2ddc
_cBK
999 _c222065
_d222065